000 00588nam a2200133Ia 4500
008 170516s9999 xx 000 0 und d
245 _aAssessment of Apparent Diffusion Coefficient Values as Predictor of Aggressiveness in Peripheral Zone Prostate Cancer: Comparison with Gleason Score, Shayan Sirat Maheen Anwar, Zahid Anwar Khan, Rana Shoaib Hamid, Fahd Haroon, Raza Sayani, Madiha Beg, and
260 _bISRN Radiology
260 _c2014
300 _a:
650 _xRadiologic Technology
650 _xRadtech
856 _uhttps://www.hindawi.com/journals/isrn/contents/radiology/
999 _c332174
_d332174